000 00795nam a22002417a 4500
005 20140820110309.0
010 _aENG-110461
020 _a9788121207553
_c590.00
020 _a8121207258
_c590.00
035 _aEN-93993
035 _aB-529573
037 _bDBAD/PUB
037 _bBBB/Ven
_adpl
082 _a270.82
100 _aEngineer, Asghar Ali
245 _aIslam, women and gender justice /
_cby Asghar Ali Engineer
260 _aNew Delhi
_bGyan Publishing House
_c2013
270 _a23, Main Ansari Road, DaryaGanj
_bNew Delhi
_e110002
300 _a370p.
_c24cm(Hb)
500 _aIncludes bibliographical references and index
942 _2ddc
_cEN
_mENG
_h270.082
999 _c86800
_d86800